Kinh tế Việt Nam và thế giới (Chủ nhật).

Shranjeno v:
Bibliografske podrobnosti
Format: Serijska publikacija
Jezik:Vietnamese
Izdano: Hà Nội : Thông tấn xã Việt Nam.
Teme:
Oznake: Označite
Brez oznak, prvi označite!
Thư viện lưu trữ: Mạng thư viện Đại học Đà Nẵng
LEADER 00750cas a2200289 a 4500
001 000043245
003 1166
005 20110906093907.0
008 010217b vm 000 vie
040 |a IRC  |c IRC  |d IRC 
041 0 |a vie 
082 1 4 |a 330  |b Ki-T 
245 0 0 |a Kinh tế Việt Nam và thế giới (Chủ nhật). 
260 |a Hà Nội :  |b Thông tấn xã Việt Nam. 
300 |c 27 cm. 
310 |a Chủ nhật hàng tuần. 
650 0 4 |a Kinh tế  |z Việt Nam  |x Thế giới  |v Tạp chí. 
653 |a Kinh tế. 
OWN |a DUT 
999 |a From the UDN01 
TYP |a Printed language 
980 |a Mạng thư viện Đại học Đà Nẵng